A Practical guide to the diagnosis and treatment of leprosy in the basic health unit / (Record no. 117360)

MARC details
000 -LEADER
fixed length control field 00657nam a2200205 a 4500
008 - FIXED-LENGTH DATA ELEMENTS--GENERAL INFORMATION
fixed length control field
049 ## - LOCAL HOLDINGS (OCLC)
Holding library MAIN
090 ## - LOCALLY ASSIGNED LC-TYPE CALL NUMBER (OCLC); LOCAL CALL NUMBER (RLIN)
Classification number (OCLC) (R) ; Classification number, CALL (RLIN) (NR) RC154
Local cutter number (OCLC) ; Book number/undivided call number, CALL (RLIN) WHE
003 - CONTROL NUMBER IDENTIFIER
control field
005 - DATE AND TIME OF LATEST TRANSACTION
control field 20230120204119.0
040 ## - CATALOGING SOURCE
Transcribing agency NUST
100 1# - MAIN ENTRY--PERSONAL NAME
Personal name Wheate, H.W.
245 10 - TITLE STATEMENT
Title A Practical guide to the diagnosis and treatment of leprosy in the basic health unit /
Statement of responsibility, etc. H.W. Wheate and J.M.H. Pearson.
260 ## - PUBLICATION, DISTRIBUTION, ETC.
Place of publication, distribution, etc. Germany :
Name of publisher, distributor, etc. Germany Leprosy Relief Association,
Date of publication, distribution, etc. 1985.
300 ## - PHYSICAL DESCRIPTION
Extent 3rd ed.
300 ## - PHYSICAL DESCRIPTION
Extent 38 p. :
Other physical details ill. ;
Dimensions 21 cm.
650 #1 - SUBJECT ADDED ENTRY--TOPICAL TERM
Topical term or geographic name entry element Diagnosis and treatment of leprosy.
907 ## - LOCAL DATA ELEMENT G, LDG (RLIN)
a .b10327691
b 10-04-13
c 20-02-13
942 ## - ADDED ENTRY ELEMENTS (KOHA)
Koha item type Ordinary Loan Books
Call number prefix RC154
Call number suffix WHE
Holdings
Date last seen Total Checkouts Full call number Barcode Cost, replacement price Price effective from Koha item type Lost status Source of classification or shelving scheme Damaged status Not for loan Collection Withdrawn status Home library Current library Shelving location Date acquired Cost, normal purchase price
01/20/2023   RC154 WHE 92004033020 80.00 01/20/2023 BOOKS   lcc     NFIC   Medical Medical GEN 01/20/2023 80.00